El secreto Bancario (Registro nro. 159136)
[ vista simple ]
| 000 -LEADER | |
|---|---|
| fixed length control field | 01491ny a22003733n 4500 |
| 008 - FIXED-LENGTH DATA ELEMENTS--GENERAL INFORMATION | |
| fixed length control field | 020218s2001 sp s 001 0 spa c |
| 017 ## - | |
| -- | B1930950 |
| 020 ## - INTERNATIONAL STANDARD BOOK NUMBER | |
| International Standard Book Number | 8476986416 |
| 035 ## - | |
| -- | 376 |
| 040 ## - CATALOGING SOURCE | |
| Original cataloging agency | UMA.DER |
| Modifying agency | vLex |
| 040 ## - CATALOGING SOURCE | |
| Original cataloging agency | UMA.RE |
| Modifying agency | vLex |
| 080 ## - | |
| -- | 336.719.2:347.734 |
| 080 ## - | |
| -- | 347.734:336.729.2 |
| 090 ## - | |
| -- | 613 |
| -- | 613 |
| 100 1# - MAIN ENTRY--PERSONAL NAME | |
| Personal name | Azaustre Fernández, María José |
| 245 13 - TITLE STATEMENT | |
| Title | El secreto Bancario |
| Medium | [Recurso electrónico] |
| Statement of responsibility, etc | María José Azaustre Fernández ; [prólogo, Ignacio Arroyo] |
| 256 ## - | |
| -- | Servicio en línea |
| 260 ## - PUBLICATION, DISTRIBUTION, ETC. (IMPRINT) | |
| Place of publication, distribution, etc | Barcelona : |
| Name of publisher, distributor, etc | J. M. Bosch, |
| Date of publication, distribution, etc | 2001 |
| 300 ## - PHYSICAL DESCRIPTION | |
| Extent | 618 p. ; |
| Dimensions | 24 cm |
| 490 1# - SERIES STATEMENT | |
| Series statement | Biblioteca de Derecho Mercantil |
| 504 ## - BIBLIOGRAPHY, ETC. NOTE | |
| Bibliography, etc | Bibliogr.: p.545570 |
| 504 ## - BIBLIOGRAPHY, ETC. NOTE | |
| Bibliography, etc | Índices |
| 506 1# - RESTRICTIONS ON ACCESS NOTE | |
| Terms governing access | Contenido solo disponible en los productos indicados |
| Authorized users | vLex Global |
| -- | vLex Global (Academic Edition, excluding Law Schools) |
| -- | vLex Global (U.S. Academic Edition, Law Schools) |
| -- | vLex Global (U.S. Academic Edition, excluding Law Schools) |
| -- | vLex Global (Academic Edition, Law Schools) |
| 650 07 - SUBJECT ADDED ENTRY--TOPICAL TERM | |
| Topical term or geographic name as entry element | Datos personales |
| Source of heading or term | Tesauro vLex |
| 650 07 - SUBJECT ADDED ENTRY--TOPICAL TERM | |
| Topical term or geographic name as entry element | Civil |
| Source of heading or term | Tesauro vLex |
| 650 07 - SUBJECT ADDED ENTRY--TOPICAL TERM | |
| Topical term or geographic name as entry element | Secretos bancarios |
| Source of heading or term | Tesauro vLex |
| 650 07 - SUBJECT ADDED ENTRY--TOPICAL TERM | |
| Topical term or geographic name as entry element | Protección de datos de carácter personal |
| Source of heading or term | Tesauro vLex |
| 700 1# - ADDED ENTRY--PERSONAL NAME | |
| Personal name | Arroyo, Ignacio, |
| Relator term | pr |
| 740 0# - | |
| -- | vLex Libros (Servicios en línea) |
| 830 #0 - | |
| -- | Biblioteca de derecho Mercantil (José María Bosch Editor) |
| 856 40 - LOCALIZACIÓN Y ACCESO ELECTRÓNICO | |
| Identificador Uniforme del Recurso (URI/URL) | https://app.vlex.com/#/sources/376 |
| 942 ## - | |
| -- | RAA |
| 999 ## - | |
| -- | 159136 |
| -- | 159136 |
No hay ítems disponibles.